000 00888nam a2200205 a 4500
001 57866
005 20180714054233.0
008 140415s1991 mx 000 0 spa d
020 _a9681634772
041 _aspa
082 _a141
_bSTE
100 1 _aSTEPANENKO, PEDRO
245 1 0 _aSCHOPENHAUER EN SUS PAGINAS
250 _a1a ed.
260 _aMEXICO :
_bFONDO DE CULTURA ECONOMICA,
_c1991
300 _a253
_c13.7 x 1.9 x 20.9
490 _aSECCION DE OBRAS DE FILOSOFIA
520 _aSON POCAS LAS DOCTRINAS QUE PUEDEN OFRECER, COMO LA DE ARTHUR SCHOPENHAUER (1788- 1860), UN CONJUNTO DE ALTA COHERENCIA Y FIEL APEGO AL SENTIDO DE LA REALIDAD, DENTRO DE UNA HISTORIA DE CONSTRUCCIONES MAS O MENOS ARTIFICIALES, UN AMPLIO PASADO DE RIGOR TEOLOGICO Y MATEMATICO.
650 1 4 _aFILOSOFIA ALEMANA
_xFILOSOFOS ALEMANES
_xFILOSOFIA DEL SIGLO XIX
_xSCHOPENHAUER, ARTHUR
999 _c57866
_d57866